Département Alpes-de-Haute-Provence - Statistiques

Statistiques générales
  • Ce quiz a été pris 73 fois
  • Le résultat moyen est 7 sur 20
Statistiques - réponses
Indices Réponses % Correct
Quel numéro de département portent les Alpes-de-Haute-Provence ? 04
100%
Avec quel pays le département possède-t-il une frontière ? Italie
94%
Quel est le chef-lieu départemental ? Digne-les-Bains
90%
Quelle est la commune la plus peuplée ? Manosque
77%
Avant 1970, comment se nommait le département, dont le nom était jugé trop péjoratif, notamment vis-à-vis du département voisin des Hautes-Alpes ? Basses-Alpes
63%
Quelle rivière connue pour ses gorges prend sa source au pied de la Tête de la Sestrière ? Verdon
44%
Sur cette même rivière, comment se nomme le lac créé suite à la construction d'un barrage ? Sainte-Croix
40%
Quel écrivain, né en 1895 à Manosque et mort en 1970 dans la même ville, a écrit nombre d'ouvrages ayant pour cadre le monde paysan provençal ? Jean Giono
37%
Quel secteur professionnel est le premier employeur du département, occupant 16 % des emplois ? Tourisme
37%
De quelle couleur est la villa mexicaine de Barcelonnette, construite en 1929 et classée au titre des monument historique en 1987 ? Bleue
34%
Quelle vallée également nommée « Vallée de Barcelonnette » marque la limite entre le Dauphiné et la Provence ? Vallée de l'Ubaye
34%
Quelle aventurière ayant terminé sa vie dans le département est connue pour être la première femme occidentale à pénétrer à Lhassa, au Tibet ? Alexandra David-Néel
26%
Avec seulement 4 habitants, quelle est la commune la moins peuplée du département mais aussi de la région des Alpes-de-Haute-Provence? Majastres
19%
Quelle viande IGP doit être issue de races ovines rustiques et abattue entre 70 et 150 jours ? Agneau de Sisteron
15%
Quel château dit des Templiers, dont les plus anciennes traces remontent au XIIe siècle, est classé Monument historique depuis 1840 ? Château de Gréoux-les-Bains
10%
Quelle cité fortifiée est protégée d'une citadelle dont l'existence est attestée dès le Moyen Âge, et renforcée par Richelieu et Vauban ? Entrevaux
10%
Quel gros ouvrage d'artillerie de la ligne Maginot protège, avec celui de Roche-la-Croix, l'accès au col de Larche ? Saint-Ours Haut
6%
Quelle revue bimestrielle gratuite propose des informations culturelles et des portraits d'artistes ? J'y vais Provence
2%
Quel pont à sept arches, inscrit au titre des monuments historiques en 1945, y est submergé depuis 1974 ? Pont d'Aiguines
2%
Dans le film Jean de Florette de Claude Berri sorti en 1986, quel nom fictif est donné au village où ne coule plus l'eau de la fontaine, localisé dans la vraie commune du Mirabeau ? Les Bastides blanches
0%
Aucun quiz correspondant
Distribution des résultats
% des personnes avec chaque résultat
Percentile par nombre de réponses
Votre historique - résultats
Vous n’avez pas pris ce quiz